The economy in 2007 (Record no. 78372)
[ view plain ]
| 000 -LEADER | |
|---|---|
| fixed length control field | 00873cab a2200193 4500 |
| 001 - CONTROL NUMBER | |
| control field | L136616 |
| 008 - FIXED-LENGTH DATA ELEMENTS--GENERAL INFORMATION | |
| fixed length control field | 070212n2007 000 0 eng u |
| 035 ## - SYSTEM CONTROL NUMBER | |
| System control number | (Sirsi) u136616 |
| 041 0# - LANGUAGE CODE | |
| Language code of text/sound track or separate title | eng |
| 100 1# - MAIN ENTRY--PERSONAL NAME | |
| Personal name | McIntosh, Angus |
| 245 04 - TITLE STATEMENT | |
| Title | The economy in 2007 |
| Remainder of title | how property performance will surprise us again |
| 260 ## - PUBLICATION, DISTRIBUTION, ETC. | |
| Date of publication, distribution, etc. | 2007 |
| 490 #0 - SERIES STATEMENT | |
| Series statement | Property Forecast |
| Volume/sequential designation | 10(1) January 2007, 2-6(3) |
| 520 ## - SUMMARY, ETC. | |
| Summary, etc. | Discusses how an increased amount of available money for investment, and with more investors aiming to diversify away from equities and gilts, property will become an increasingly attractive asset class. Tables show growth rates for different regions within the UK, UK investment forecasts by property type and regional total returns. |
| 590 ## - LOCAL NOTE (RLIN) | |
| Local note | KA |
| 651 #4 - SUBJECT ADDED ENTRY--GEOGRAPHIC NAME | |
| Geographic name | United Kingdom |
| Chronological subdivision | |
| 690 ## - LOCAL SUBJECT ADDED ENTRY--TOPICAL TERM (OCLC, RLIN) | |
| Topical term or geographic name as entry element | PROPERTY-COMMERCIAL PROPERTY-COMMERCIAL PROPERTY MARKET |
| 942 ## - ADDED ENTRY ELEMENTS (KOHA) | |
| Suppress in OPAC | 0 |
| Withdrawn status | Lost status | Source of classification or shelving scheme | Damaged status | Not for loan | Home library | Current library | Shelving location | Date acquired | Total Checkouts | Full call number | Barcode | Date last seen | Copy number | Price effective from | Koha item type |
|---|---|---|---|---|---|---|---|---|---|---|---|---|---|---|---|
| Dewey Decimal Classification | London | London | Journal article | 12/02/2007 | L136616 | 136616-1001 | 06/08/2019 | 1 | 06/08/2019 | Journal article |